[Event "CRO-chT4 Center-A"]
[Site "Zagreb"]
[Date "2011.03.20"]
[Round "2.36"]
[White "Hodzic, Hazim"]
[Black "Gojmerac, Dragutin"]
[Result "1-0"]
[WhiteElo "1948"]
[BlackElo "1924"]
[PlyCount "83"]
[EventDate "2011.03.13"]
[EventType "team-tourn"]
[EventRounds "7"]
[EventCountry "CRO"]
[SourceTitle "EXT 2014"]
[Source "ChessBase"]
[SourceDate "2013.11.20"]
[SourceVersion "1"]
[SourceVersionDate "2013.11.20"]
[SourceQuality "1"]

1. d4 d5 2. Nf3 Nf6 3. g3 c6 4. Bg2 Nbd7 5. 0-0 g6 6. Nbd2 Bg7 7. c4 dxc4 8. Nxc4 Nb6 9. Nce5 0-0 10. Re1 Nfd7 11. Nd3 Re8 12. Bg5 h6 13. Bd2 Nf8 14. Qc1 Kh7 15. Nde5 Be6 16. h3 Nbd7 17. Nd3 Nb6 18. Nc5 Bc8 19. Rd1 Qc7 20. Bf4 Qd8 21. Ne5 Be6 22. Nxb7 Qc8 23. Nc5 Nd5 24. Nxe6 Nxe6 25. Bxd5 cxd5 26. Kg2 g5 27. Be3 Kg8 28. Qb1 Qa6 29. Rd2 Qd6 30. Qf5 Bf6 31. Rc1 Ng7 32. Qf3 Rec8 33. Rxc8+ Rxc8 34. Ng4 Kh7 35. Rd3 Rc2 36. Rb3 Ne6 37. Qf5+ Kg7 38. Nxf6 Nxd4 39. Qh7+ Kxf6 40. Bxd4+ e5 41. Rf3+ Ke7 42. Rxf7+ 1-0